The alphabet book / (Record no. 29418)

MARC details
000 -LEADER
fixed length control field 00597nam a22002297a 4500
001 - CONTROL NUMBER
control field sjds
003 - CONTROL NUMBER IDENTIFIER
control field sjds
005 - DATE AND TIME OF LATEST TRANSACTION
control field 20240403110229.0
008 - FIXED-LENGTH DATA ELEMENTS--GENERAL INFORMATION
fixed length control field 240403b |||||||| |||| 00| 0 eng d
020 ## - INTERNATIONAL STANDARD BOOK NUMBER
International Standard Book Number 9780593375716
020 ## - INTERNATIONAL STANDARD BOOK NUMBER
International Standard Book Number 0593375718
040 ## - CATALOGING SOURCE
Transcribing agency sjds
041 ## - LANGUAGE CODE
Language code of text/sound track or separate title eng
100 1# - MAIN ENTRY--PERSONAL NAME
Personal name Eastman, P. D.
245 14 - TITLE STATEMENT
Title The alphabet book /
Statement of responsibility, etc. P. D. Eastman
246 ## - VARYING FORM OF TITLE
Title proper/short title The alphabet book
260 ## - PUBLICATION, DISTRIBUTION, ETC. (IMPRINT)
Place of publication, distribution, etc. New York :
Name of publisher, distributor, etc. Random House,
Date of publication, distribution, etc. 2020
300 ## - PHYSICAL DESCRIPTION
Extent 1 volume (unpaged) :
Other physical details color illustrations ;
Dimensions 19 cm
440 ## - SERIES STATEMENT/ADDED ENTRY--TITLE
Title Big bright and early board books
500 ## - GENERAL NOTE
General note Board book
942 ## - ADDED ENTRY ELEMENTS (KOHA)
Koha item type Libro/Book
Holdings
Withdrawn status Lost status Damaged status Not for loan Home library Current library Shelving location Date acquired Inventory number Total Checkouts Full call number Barcode Date last seen Date checked out Price effective from Koha item type
        San Juan Del Sur -- Biblioteca San Juan Del Sur -- Biblioteca Children's Area 03/04/2024 inventory last seen Feb 2025 4 JI INGLES 30028939 31/03/2026 03/03/2026 03/04/2024 Libro/Book

Powered by Koha